000 00787cam a22002655i 4500
999 _c10407
_d10407
003 OSt
005 20220316140917.0
008 201201s2020 ne 000 0 eng
010 _a 2021355523
020 _a9789492095930
035 _a(NL-AmEBA)000360247
040 _aDLC
_beng
_cDLC
_erda
042 _apcc
082 _a720
_bPAI
100 1 _aPaine, Ashley (Ed.)
245 1 0 _aValuing architecture :
_bHeritage and the economics of culture /
_cAshley Paine, Susan Holden, John Macarthur.
300 _a286 pages ;
_ccm.
490 0 _aVis-à-vis
700 1 _aPaine, Ashley.
700 1 _aHolden, Susan.
700 1 _aMacarthur, John.
906 _a0
_bibc
_corigres
_d3
_encip
_f20
_gy-gencatlg
942 _2ddc